Le Vanuatu - Statistiques

Statistiques générales
  • Ce quiz a été pris 49 fois
  • Le résultat moyen est 10 sur 34
Statistiques - réponses
Question Réponse % Correct
à quel continent est-il rattaché Océanie
90%
découvert en 1774 par James ... Cook
79%
dans quel océan se trouve-t-il Pacifique
79%
année de l'indépendance du pays 1980
67%
capitale Port-Vila
64%
quelle île est située à 1 750 km à l'est Australie
49%
et plus précisément dans la mer de ... corail
46%
et dans quelle partie de ce continent plus précisément Mélanésie
46%
ancien nom de ce pays Nouvelles Hébrides
46%
quelle île est située à 1200 km à l'ouest Fidji
41%
origine géologique des îles de l'archipel volcanique
41%
quelle île est située à 1200 km au sud Salomon
38%
quelle île est située à 540 km au nord-est Nouvelle Calédonie
36%
combien seulement sont habitées 30
31%
phénomène qui amplifie la montée des eaux réchauffement climatique
28%
monnaie Vatu
28%
régime politique République
26%
boisson traditionnelle kava
21%
volcan situé sur l'île de Tanna à l'extrémité sud de l'archipel Yasur
21%
de combien d'îles se compose l'archipel 83
18%
sur quelle île cette capitale est-elle située Efaté
18%
sur quelle île la 2° ville (Luganville) est-elle située Espiritu Santo
18%
de 1906 à 1980 deux puissances ont géré ce pays (condominium) France - Angleterre
18%
ressource principale du pays tourisme
13%
animal fétiche dont les dents servent de monnaie d'échange cochon
10%
par quel mot peut-on traduire le nom de ce volcan Dieu
8%
plat traditionnel lap lap
8%
nom donné au cyclone qui a ravagé l'archipel le 13-03-2015 ( 11 morts) Pam
8%
qu'est-ce que "acanthaster " qui décime le corail etoile de mer
5%
dans les villages,maison commune où se prennent les décisions coutumières nakamal
5%
rituel pratiqué par des hommes leur permettant de rentrer dans l'âge adulte. saut du Gaul
5%
trois langues officielles anglais-français-bichlamar
3%
énergie utilisée pour produire de l' électricité et du bio-carburant produite grâce aux noix de coco (l'or vert) cocofuel
0%
nom des habitants de Vanuatu Vanouatais
0%
Aucun quiz correspondant
Distribution des résultats
% des personnes avec chaque résultat
Percentile par nombre de réponses
Votre historique - résultats
Vous n’avez pas pris ce quiz